Experimentálne farbenie skla
Na minha lista:
| Autor principal: | |
|---|---|
| Outros Autores: | |
| Formato: | Manuscrito Livro |
| Idioma: | eslovaco |
| Publicado em: |
2024
|
| Assuntos: | |
| Acesso em linha: | http://is.stuba.sk/zp/portal_zp.pl?podrobnosti=177752 |
| Tags: |
Sem tags, seja o primeiro a adicionar uma tag!
|
MARC
| LEADER | 00000ntm a22000003a 4500 | ||
|---|---|---|---|
| 001 | stuzp99311 | ||
| 003 | SK-STU | ||
| 005 | 20240608213016.7 | ||
| 007 | ta | ||
| 008 | 150427s2015----xo-----f-mn---000-0-slo-d | ||
| 040 | |a STU |b slo | ||
| 041 | 0 | |a slo | |
| 100 | 1 | |a Polgáryová, Eva |u 059190 |4 aut |U FAD Fakulta architektúry a dizajnu |T FAD Ústav dizajnu |X 99289 |U A9190 |Y 400 |7 99289 | |
| 242 | 0 | 1 | |a Experimental coloring of glass |y eng |
| 245 | 1 | 0 | |a Experimentálne farbenie skla |
| 260 | |c 2024 | ||
| 650 | 4 | |a sklo |2 slo | |
| 650 | 4 | |a svetlo |2 slo | |
| 650 | 4 | |a kvapalina |2 slo | |
| 650 | 4 | |a fosfor |2 slo | |
| 650 | 4 | |a wabi sabi |2 slo | |
| 650 | 4 | |a mono-no-aware |2 slo | |
| 650 | 4 | |a váza |2 slo | |
| 650 | 4 | |a light |2 eng | |
| 650 | 4 | |a liquid |2 eng | |
| 650 | 4 | |a phosphorescence |2 eng | |
| 650 | 4 | |a wabi sabi |2 eng | |
| 650 | 4 | |a glass |2 eng | |
| 650 | 4 | |a mono-no-aware |2 eng | |
| 650 | 4 | |a vase |2 eng | |
| 700 | 1 | |a Olah, Peter |u 059190 |k Z1 |4 ths |U FAD Fakulta architektúry a dizajnu |T FAD Ústav dizajnu |X 5303 |U A9190 |Y 400 |7 A000005303 | |
| 856 | 4 | |u http://is.stuba.sk/zp/portal_zp.pl?podrobnosti=177752 | |